00916nam a2200193 a 450000100100000000500170001000800410002704000250006808200160009311000830010924501050019225000160029726000650031330000200037804900090039895201830040795201150059099900170070500003319320200930070105.0110822s1913 dr 000 0 spa d aDO-SdBNPbspacBNPHU axxxxbR426c1 aRepública Dominicana.bSecretaría de Estado de Relaciones Exteriores9225610aConvención de paquetes postales entre la República Dominicana y los Estados Unidos de América. aEd. Oficial aSanto Domingo :bImp. y Librería de J. R. García,c1913. a21 p. ;c24 cm. aBNPD 001050718RVaPDbPDcHDd2011-08-22iLF1l0oxxxx R426cp33193-10r2020-06-25w2020-06-25y1zPerteneció a la biblioteca personal de Carlos Larrazábal BlancoZNo se presta 00107-18PDaPDbPDcOId2011-08-22iLF1l0oxxxx R426cp33194-10r2020-06-25w2020-06-25yLFPDZNo se presta c32684d32684